Logical Numbers 3: A Logic Puzzle Quiz Stats

 Plays Quiz not verified by Sporcle

Challenge
Share
Tweet
Score 0/25 Timer 20:00
0 Plays Today
Hint Answer % Correct
A1





???
100%
C1





???
71.2%
C2





???
67.6%
A2





???
57.4%
A3





???
52.2%
B1





???
45%
D3





???
40.6%
B2





???
38.4%
D2





???
36.3%
C3





???
35.1%
B3





???
32.6%
A4





???
20.7%
D1





???
20.2%
Hint Answer % Correct
A5





???
19%
E1





???
16.2%
E2





???
15%
B5





???
14.9%
E3





???
14.9%
B4





???
14.6%
C4





???
11.3%
C5





???
9.3%
E4





???
7.6%
D4





???
7.3%
D5





???
6%
E5





???
5.8%

You're not logged in!

Compare scores with friends on all Sporcle quizzes.
Join for Free
OR
Log In

You Might Also Like...

Show Comments

Extras

Created Jul 5, 2014SourceReportNominate
Tags:Logic Quiz

Top Quizzes Today


Score Distribution

Your Account Isn't Verified!

In order to create a playlist on Sporcle, you need to verify the email address you used during registration. Go to your Sporcle Settings to finish the process.

Report this User

Report this user for behavior that violates our Community Guidelines.

Details: